Loading...
| Literature - World | 0 | 8 | 0 | 0 | 80 | 30 | 63.50 | 2 | 6 | 0.00 | 0.00 |
| Literature - American | 0 | 7 | 1 | 0 | 65 | 34 | 53.29 | 4 | 6 | 0.00 | 0.00 |
| Literature - European | 0 | 7 | 2 | 0 | 60 | 18 | 52.57 | 2 | 6 | 0.00 | 0.00 |
| History - World | 0 | 4 | 0 | 0 | 40 | 47 | 63.75 | 0 | 2 | 0.00 | 0.00 |
| Fine Arts - Painting and Sculpture | 0 | 5 | 2 | 0 | 40 | 32 | 61.60 | 0 | 3 | 0.00 | 0.00 |
| Literature - British | 0 | 4 | 0 | 1 | 40 | 43 | 61.75 | 1 | 2 | 0.00 | 0.00 |
| Fine Arts - Classical Music | 0 | 2 | 0 | 0 | 20 | 59 | 84.50 | 1 | 2 | 0.00 | 0.00 |
| Fine Arts - Other | 0 | 2 | 0 | 0 | 20 | 57 | 59.50 | 0 | 2 | 0.00 | 0.00 |
| Science - Biology | 0 | 2 | 0 | 0 | 20 | 54 | 59.00 | 0 | 1 | 0.00 | 0.00 |
| Social Science | 0 | 1 | 0 | 0 | 10 | 62 | 62.00 | 0 | 0 | 0.00 | 0.00 |
| Science - Other | 0 | 1 | 0 | 0 | 10 | 84 | 84.00 | 0 | 0 | 0.00 | 0.00 |
| Philosophy | 0 | 1 | 0 | 0 | 10 | 32 | 32.00 | 0 | 1 | 0.00 | 0.00 |
| History - American | 0 | 1 | 1 | 0 | 5 | 66 | 66.00 | 0 | 1 | 0.00 | 0.00 |
| History - European | 0 | 0 | 1 | 0 | -5 | 0.00 | 0 | 0 | 0.00 | 0.00 | |
| Geography | 0 | 0 | 1 | 0 | -5 | 0.00 | 0 | 0 | 0.00 | 0.00 | |
| Popular Culture | 0 | 0 | 1 | 0 | -5 | 0.00 | 0 | 0 | 0.00 | 0.00 | |
| History - Other | 0 | 0 | 2 | 0 | -10 | 0.00 | 0 | 0 | 0.00 | 0.00 |